Nghiên cứu chính sách xã hội nông thôn Việt Nam
Wedi'i Gadw mewn:
| Prif Awdur: | |
|---|---|
| Fformat: | Llyfr |
| Iaith: | Undetermined |
| Cyhoeddwyd: |
Hà Nội
Chính trị Quốc gia
1996
|
| Pynciau: | |
| Tagiau: |
Ychwanegu Tag
Dim Tagiau, Byddwch y cyntaf i dagio'r cofnod hwn!
|
| Thư viện lưu trữ: | Trung tâm Học liệu Trường Đại học Cần Thơ |
|---|
| LEADER | 00648nam a2200193Ia 4500 | ||
|---|---|---|---|
| 001 | CTU_122652 | ||
| 008 | 210402s9999 xx 000 0 und d | ||
| 082 | |a 353.5 | ||
| 082 | |b Th107 | ||
| 100 | |a Bùi, Ngọc Thanh | ||
| 245 | 0 | |a Nghiên cứu chính sách xã hội nông thôn Việt Nam | |
| 245 | 0 | |c Bùi Ngọc Thanh, Nguyễn Hữu Dũng, Phạm Đỗ Nhật Tân | |
| 260 | |a Hà Nội | ||
| 260 | |b Chính trị Quốc gia | ||
| 260 | |c 1996 | ||
| 650 | |a Rural development projects,Administrative law | ||
| 650 | |z Vietnam | ||
| 904 | |i M.Loan | ||
| 980 | |a Trung tâm Học liệu Trường Đại học Cần Thơ | ||